Normal view
MARC view
- Gilmour, A. S
Entry Personal Name
001 - CONTROL NUMBER
- control field: 68952
003 - CONTROL NUMBER IDENTIFIER
- control field: NUST
005 - DATE AND TIME OF LATEST TRANSACTION
- control field: 20210628204140.0
008 - FIXED-LENGTH DATA ELEMENTS
- fixed length control field: 210628|| aca||aabn | a|a d
040 ## - CATALOGING SOURCE
- Original cataloging agency: NUST
- Transcribing agency: NUST
100 ## - HEADING--PERSONAL NAME
- Personal name: Gilmour, A. S
670 ## - SOURCE DATA FOUND
- Source citation: Work cat.: (NUST): Gilmour, A. S, Principles of traveling wave tubes, 1994
